000
00314nam a22001337a 4500
008
241109b |||||||| |||| 00| 0 eng d
020
_a
978-93-903-9450-0
100
_a
R. Mehra
245
_a
Data Structures Using C
260
_a
Noida
_b
Pearson Pub
_c
2023
300
_a
11.20
650
_a
CSE
942
_2
ddc
_c
BK
999
_c
21009
_d
21009